000 00375nam a2200109Ia 4500
008 171211s9999 xx 000 0 und d
245 _aPublic Health Ethics: Cases Spanning the Globe
245 _cAndreas Reis, Angus Dawson, Carla Saenz, Drue H. Barrett, and Leonard W. Ortmann
260 _c2016
650 _xFITNESS
856 _uhttp://down.ebook777.com/062/3319238469.pdf
999 _c349064
_d349064